An Austro-Asiatic myth in the Rigveda.

Bibliographic Details
Main Author: Kuiper, Franciscus Bernardus Jacobus
Format: Book
Language:English
Published: Amsterdam : Noord-Hollandsche Uitg. Mij, 1950.
Series:Mededeelingen der Koninklijke Nederlandsche Akademie van Wetenschappen, Afd. Letterkunde ; nieuwe reeks, d. 13, no. 7.
Subjects:

MARC

Tag First Indicator Second Indicator Subfields
LEADER 00000cam a2200000 4500
001 in00000325913
005 20151011050201.0
008 790406s1950 ne b 00000 eng d
010 |a a 52007441  
035 |a (OCoLC)04830333 
035 |9 ABJ9418AM 
040 |a TXA  |c TXA  |d m.c.  |d TXA  |d UtOrBLW 
049 |a TXAM  |c [1350163] 
090 |a AS244  |b .A51 n.r., deel 13, no.7 
100 1 |a Kuiper, Franciscus Bernardus Jacobus. 
245 1 3 |a An Austro-Asiatic myth in the Rigveda. 
264 1 |a Amsterdam :  |b Noord-Hollandsche Uitg. Mij,  |c 1950. 
300 |a 20 pages ;  |c 24 cm. 
336 |a text  |b txt  |2 rdacontent 
337 |a unmediated  |b n  |2 rdamedia 
338 |a volume  |b nc  |2 rdacarrier 
490 1 |a Mededelingen der Koninklijke Nederlandse Akademie van Wetenschappen. Afd. Letterkunde. Nieuwe reeks, deel 13 ;  |v no. 7 
500 |a Cover title. 
500 |a Pages also numbered 163-182. 
504 |a Bibliographical footnotes. 
600 1 0 |a Indra. 
630 0 0 |a Vedas.  |p R̥gveda  |x Criticism, interpretation, etc. 
650 0 |a Wild boar  |x Folklore. 
830 0 |a Mededeelingen der Koninklijke Nederlandsche Akademie van Wetenschappen, Afd. Letterkunde ;  |v nieuwe reeks, d. 13, no. 7. 
999 |a MARS 
999 f f |s 6e6bd601-4c8a-3f54-ba40-4512657dfca8  |i bd21be1c-f43c-33a5-b1a5-2d1cd8ab72b8  |t 0 
952 f f |p ric  |a Texas A&M University  |b Rellis Campus  |c Joint Library Facility  |d Remote Storage  |t 0  |e AS244 .A51 n.r., deel 13, no.7  |h Library of Congress classification  |i unmediated -- volume  |m A14801580335 
998 f f |a AS244 .A51 n.r., deel 13, no.7  |t 0  |l Remote Storage